LEADER 01173nam0 22003011i 450 001 RML0304246 005 20231121125746.0 010 $a159385191X 100 $a20121121d2007 ||||0itac50 ba 101 | $aeng 102 $aus 181 1$6z01$ai $bxxxe 182 1$6z01$an 200 1 $aMultilevel analysis for applied research$eit's just regression!$fRobert Bickel$gseries editor's note by David A. Kenny 210 $aNew York - London $cThe Guilford Press $d©2007 215 $aXXVII, 355 p.$d26 cm 606 $aStatistica$xModelli matematici$2FIR$3SBLC069015$9I 676 $a001.422$9$v21 700 1$aBickel$b, Robert$3RMLV196189$0320509 702 1$aKenny$b, David A.$3RMLV186884 801 3$aIT$bIT-01$c20121121 850 $aIT-FR0098 899 $aBiblioteca Area Giuridico Economica$bFR0098 912 $aRML0304246 950 0$aBiblioteca Area Giuridico Economica$d 53DIPSE 001.42/6$e 53VM 0000742975 VM barcode:BAGE010174. - Inventario:605. - Fondo:Sala consultazioneVM$fA $h20080423$i20121204 977 $a 53 996 $aMultilevel analysis for applied research$9708944 997 $aUNICAS LEADER 01604nam0 2200397 i 450 001 RAV0165077 005 20251003044326.0 010 $a8814029423 100 $a20130827d1991 ||||0itac50 ba 101 | $aita 102 $ait 181 1$6z01$ai $bxxxe 182 1$6z01$an 183 1$6z01$anc$2RDAcarrier 200 1 $aˆLa ‰valutazione di impatto ambientale$fa cura di Stefano Nespor, Ada Lucia De Cesaris 210 $aMilano$cGiuffre$dc1991 215 $aVII, 231 p.$d24 cm 225 | $aQuaderni della Rivista giuridica dell'ambiente$v4 410 0$1001CFI0137137$12001 $aQuaderni della Rivista giuridica dell'ambiente$v4 606 $aAMBIENTE NATURALE$xDANNI DA INQUINAMENTO$xVALUTAZIONE$2FIR$3MILC036476$9I 676 $a333.716$9RISORSE NATURALI ED ENERGIA. CONSERVAZIONE E PROTEZIONE.$v21 676 $a344$9LEGISLAZIONE SOCIALE$v12 676 $a344.046$9LEGISLAZIONE SANITARIA. CONTROLLO DELL'AMBIENTE$v21 696 $aInquinamento$aDanni 699 $aDanni da inquinamento$xInquinamento$xDanni 702 1$aDe Cesaris$b, Ada Lucia$3CFIV104625$4340 702 1$aNespor$b, Stefano$3CFIV110860$4340 801 3$aIT$bIT-000000$c20130827 850 $aIT-BN0095 $aIT-CE0072 901 $bNAP 01$cD $n$ 901 $bNAP CE$cBIBL.SOPR.$n$ 912 $aRAV0165077 950 0$aBiblioteca Centralizzata di Ateneo$c1 v.$d 01D (AR) 7 327$e 01AR 0070073275 VMA 1 v.$fY $h20150512$i20150512 977 $a 01$a CE 996 $aValutazione di impatto ambientale$965815 997 $aUNISANNIO